000 01317cam a2200349Mi 4500
001 on1428896941
003 OCoLC
005 20240620195750.0
006 m d
007 cr |||||||||||
008 240407s2024 xx o ||| 0 ger d
040 _aYDX
_beng
_erda
_cYDX
_dJSTOR
_dOCLCO
020 _a3990941127
_q(electronic bk.)
020 _a9783990941126
_q(electronic bk.)
035 _a(OCoLC)1428896941
037 _a22573/cats13533270
_bJSTOR
050 4 _aML421.B455
245 0 0 _aBella Musica Mozarteum 2017-2022
_h[electronic resource] :
_bUnterwegs auf den Europäischen Mozartwegen = In viaggio lungo le Vie Europee di Mozart = On the road on the European Mozart Ways.
250 _a1ST ED.
264 1 _a[S.l.] :
_bHOLLITZER VERLAG,
_c2024.
300 _a1 online resource
590 _aJSTOR
_bBooks at JSTOR Open Access
610 2 0 _aBella Musica Mozarteum (Musical group)
600 1 0 _aMozart, Wolfgang Amadeus,
_d1756-1791
_xPerformances.
600 1 0 _aMozart, Wolfgang Amadeus,
_d1756-1791.
_0http://id.loc.gov/authorities/names/n80022788
650 0 _aMusic
_xPerformances.
650 0 _aConcert tours
_zEurope.
650 6 _aTournées (Arts du spectacle)
_zEurope.
856 4 0 _uhttps://www.jstor.org/stable/10.2307/jj.13568082
942 _cE-BOOK
994 _a92
_bPHURS
999 _c80639
_d80638